| 000 | 00000nam##2200000za#4500 |
| 001 | 9.600628 |
| 003 | CaOODSP |
| 005 | 20210624205658 |
| 007 | cr ||||||||||| |
| 008 | 150406|2001||||xxc|||||o f|0| 0 fre|d |
| 040 | |aCaOODSP|bfre |
| 043 | |an-cn--- |
| 086 | 1 |aNH18-1/11-2001F-PDF |
| 110 | 2 |aSociété canadienne d'hypothèques et de logement. |
| 245 | 10|aHistoire du Programme d'aide à la remise en état des logements (PAREL) du Canada / |h[ressource électronique]|cpréparé par Dale Falkenhagen. |
| 246 | 17|aHistoire du PAREL |
| 260 | |aOttawa - Ontario : |bSociété canadienne d'hypothèques et de logement |c2001. |
| 300 | |a241p.|bglossaire, graphiques, tableaux |
| 490 | 1 |aRapport de recherche |
| 504 | |aBibliographie. |
| 590 | |a11-08-Supp|b2011-06-16 |
| 720 | 1 |aFalkenhagen, Dale |
| 775 | 08|tThe history of Canada's Residential Rehabilitation Assistance Program (RRAP) / |w(CaOODSP)9.569530 |
| 830 | #0|aResearch report (Société canadienne d'hypothèques et de logement : En ligne)|w(CaOODSP)9.502470 |
| 856 | 40|ahttp://publications.gc.ca|qPDF|s2.16 Mo|uhttps://publications.gc.ca/collections/collection_2011/schl-cmhc/nh18-1/NH18-1-11-2001-fra.pdf |